| 000 | 01228nam a22003497a 4500 | ||
|---|---|---|---|
| 001 | 372 | ||
| 003 | FISKH | ||
| 005 | 20231211150052.0 | ||
| 008 | 230329b cb ||||| |||| 00| 0 eng d | ||
| 020 | _a9780531238783 | ||
| 040 |
_aDLC _cDLC _dDLC _dFISKH _beng |
||
| 042 | _apcc | ||
| 043 | _an-us--- | ||
| 050 | 0 | 0 |
_aQA76.2.J63 _bG74 2013 |
| 082 | 0 | 0 |
_a621.39092 _aB _223 |
| 100 | 1 | _aGregory, Josh. | |
| 245 | 1 | 0 |
_aSteve Jobs / _cJosh Gregory. |
| 260 |
_aDanbury, Conn. : _bChildren's Press, _c2013. |
||
| 300 |
_a48 pages. : _bill. (some col.) ; _c22 cm. |
||
| 490 | 0 | _aTrue book | |
| 504 | _aIncludes bibliographical references (p. 45) and index. | ||
| 505 | _aX | ||
| 521 | 8 |
_a1050
_bLexile |
|
| 521 | 8 |
_aX
_bRaz-Plus |
|
| 600 | 1 | 0 |
_aJobs, Steve, _d1955-2011 _vJuvenile literature. |
| 610 | 2 | 0 |
_aApple Computer, Inc. _xHistory _vJuvenile literature. |
| 650 | 0 |
_aComputer engineers _zUnited States _vBiography _vJuvenile literature. |
|
| 650 | 0 |
_aBusinesspeople _zUnited States _vBiography _vJuvenile literature. |
|
| 906 |
_a7 _bcbc _corignew _d1 _eecip _f20 _gy-gencatlg |
||
| 942 |
_2ddc _cBK _n0 |
||
| 999 |
_c372 _d372 |
||